000 00516nam a2200181Ia 4500
999 _c36737
_d36737
003 OSt
005 20201116120148.0
008 190216s9999||||xx |||||||||||||| ||und||
020 _a8171564860
040 _coclc
082 _a423
_bFOW/A
100 _aFowler, H W
_96608
245 0 _aDictionary Of Modern Usage /
_c H W Fowler
260 _bAtlantic Publications & Distributors,
_c2001.
_aNew delhi;
300 _a742p
650 _aEnglish
942 _cREF
_2ddc
_h423
_iFOW/A
_k423
_mFOW/A